Pengajaran dan pengujian Bahasa : Perspekitif untuk perguruan

Bibliographic Details
Other Authors: Abdul Aziz Talib
Format: Book
Published: Kuala Lumpur : Nurin Enterprise , 1989
Subjects:

MARC

LEADER 00000cam a2200000 7i4500
001 0000004726
002 000005096
005 20080124.0
020 |a T000000406 
090 0 0 |a 401.9   |b PEN 
245 1 0 |a Pengajaran dan pengujian Bahasa :   |b Perspekitif untuk perguruan   |c editor oleh Abdul Aziz Talib 
260 |a Kuala Lumpur :   |b Nurin Enterprise ,   |c 1989 
300 |a 386p. ;   |c 22cm. 
650 0 0 |a Language and languages   |x Study and teaching 
650 0 0 |a Malay language   |x Study and teaching 
700 0 |a Abdul Aziz Talib 
999 |a 035383   |b BUKU   |c PINJAMAN   |e PERPUSTAKAAN KOMUNITI PETALING JAYA 
999 |a 035384   |b BUKU   |c PINJAMAN   |e PERPUSTAKAAN KOMUNITI PETALING JAYA